00619nam a2200181Ia 4500008004100000020001500041041001200056082001100068100001600079245005000095250000800145260004200153300000800195650001500203942000700218999001500225952019700240221030s9999 xx 000 0 und d a8185749469 aEnglish a105.23 aD. S. Kumar 0aThermal Science & Engineeringcby D. S. Kumar a4th bS. K. Kataria & SonsaNew Delhic2010 a763 aMechanical cBK c8969d8969 pBE 10643g275.00i163l0o105.23 eDurga Books, Amritsarr2024-06-13 00:00:00w2022-10-30yBK003Print4071aMIETLIBbMIETLIBcBL-Academic Block B, FL-1, CUP-71, SH-3, R-3d2010-03-1110HBE